UBT Library

DRI, dietary reference intakes : (Record no. 43904)

000 -LEADER
fixed length control field 01082cam a22003014a 4500
001 - CONTROL NUMBER
control field 14372058
005 - DATE AND TIME OF LATEST TRANSACTION
control field 20180302032342.0
008 - FIXED-LENGTH DATA ELEMENTS--GENERAL INFORMATION
fixed length control field 060510s2006 dcua b 001 0 eng
010 ## - LIBRARY OF CONGRESS CONTROL NUMBER
LC control number 2006015626
020 ## - INTERNATIONAL STANDARD BOOK NUMBER
International Standard Book Number 0309100917 (hardback)
020 ## - INTERNATIONAL STANDARD BOOK NUMBER
International Standard Book Number 030965646X (pdfs)
020 ## - INTERNATIONAL STANDARD BOOK NUMBER
International Standard Book Number 9780309100915
035 ## - SYSTEM CONTROL NUMBER
System control number (OCoLC)ocm68786779
040 ## - CATALOGING SOURCE
Original cataloging agency DLC
Transcribing agency DLC
Modifying agency BAKER
-- C#P
-- KUT
-- AGL
-- COU
-- YDXCP
-- VP@
-- DLC
041 ## - LANGUAGE CODE
Language code of text/sound track or separate title eng
042 ## - AUTHENTICATION CODE
Authentication code pcc
070 0# - NATIONAL AGRICULTURAL LIBRARY CALL NUMBER
Classification number QP141
Item number .D75 2006
080 ## - UNIVERSAL DECIMAL CLASSIFICATION NUMBER
Universal Decimal Classification number 612.3 OTT
082 00 - DEWEY DECIMAL CLASSIFICATION NUMBER
Classification number 612.3 OTT
Edition number 22
100 ## - Rafti
Rafti 10
101 ## - Shkurtesa
Shkurtesa NUT
245 00 - TITLE STATEMENT
Title DRI, dietary reference intakes :
Statement of responsibility, etc Jennifer J. Otten, Jennifer Pitzi Hellwig, Linda D. Meyers, editors.
246 30 - VARYING FORM OF TITLE
Title proper/short title Dietary reference intakes
504 ## - BIBLIOGRAPHY, ETC. NOTE
Bibliography, etc Includes bibliographical references and index.
906 ## - LOCAL DATA ELEMENT F, LDF (RLIN)
a 7
b cbc
c orignew
d 1
e ecip
f 20
g y-gencatlg
942 ## - ADDED ENTRY ELEMENTS (KOHA)
Source of classification or shelving scheme
Item type Books
Holdings
Withdrawn status Lost status Source of classification or shelving scheme Damaged status Not for loan Collection code Permanent location Current location Shelving location Date acquired Total Checkouts Full call number Barcode Date last seen Price effective from Koha item type
          Koleksioni i përgjithshem UBT - Lipjan UBT - Lipjan Koleksioni i përgjithshem 03/02/2018   612.3 OTT 002-3000490 03/02/2018 03/02/2018 Books
UBT Library © 2015-2024. All rights reserved University Education for Business and Technology